[Event "Barcelona Sant Marti op-B 25th"]
[Site "Barcelona"]
[Date "2025.07.15"]
[Round "3"]
[White "Garcia Quevedo, Jose"]
[Black "Bernat Mor, Juli"]
[Result "1-0"]
[WhiteElo "1881"]
[BlackElo "1516"]
[PlyCount "63"]
[EventDate "2025.07.13"]
[EventType "swiss"]
[EventRounds "9"]
[EventCountry "ESP"]
[SourceTitle "CB30_2025"]
[SourceDate "2025.07.23"]
[SourceVersion "1"]
[SourceVersionDate "2025.07.23"]
[SourceQuality "1"]

1. d4 d5 2. c4 c6 3. Nf3 Nf6 4. Nc3 Bf5 5. cxd5 cxd5 6. Qb3 Bc8 7. Bf4 e6 8. h3 Bd6 9. Bxd6 Qxd6 10. Rc1 0-0 11. Nb5 Qb6 12. Nc7 Qa5+ 13. Qc3 Qxa2 14. Qa3 Qxa3 15. bxa3 Nc6 16. Nxa8 Ne8 17. e3 Nd6 18. Ne5 Na5 19. Bd3 f6 20. Nf3 Bd7 21. Nc7 g6 22. Nd2 Kf7 23. e4 Bc6 24. e5 fxe5 25. dxe5 Nc8 26. Nb5 Ke7 27. Nd4 Bd7 28. 0-0 Rf4 29. N2b3 Nc4 30. Bxc4 dxc4 31. Rxc4 Bb5 32. Nc6+ 1-0

[Event "Foment Martinenc op-C 24th"]
[Site "Barcelona"]
[Date "2024.05.18"]
[Round "5"]
[White "Bernat Mor, Juli"]
[Black "Abascal Vicente, Ignacio"]
[Result "0-1"]
[WhiteElo "1552"]
[BlackElo "1703"]
[PlyCount "124"]
[EventDate "2024.04.20"]
[EventType "swiss"]
[EventRounds "9"]
[EventCountry "ESP"]
[SourceTitle "CBM 220 Extra"]
[Source "ChessBase"]
[SourceDate "2024.07.31"]
[SourceVersion "1"]
[SourceVersionDate "2024.07.31"]
[SourceQuality "1"]

1. d4 d5 2. c4 c6 3. cxd5 cxd5 4. Nc3 Nf6 5. Qc2 Nc6 6. Nf3 Bg4 7. Bg5 Bxf3 8. Bxf6 Bh5 9. Bh4 Nxd4 10. Qa4+ Nc6 11. 0-0-0 d4 12. Nb5 Qb6 13. Nxd4 Rc8 14. Qc4 Bg4 15. Kb1 Bd7 16. Nxc6 Rxc6 17. Qf4 Qc5 18. Qd2 Bf5+ 19. Ka1 Rd6 20. Qe1 Rc6 21. e4 Be6 22. f4 Bg4 23. Be2 Bxe2 24. Qxe2 g6 25. Bf2 Qa5 26. e5 Bh6 27. g3 0-0 28. Be1 Qc7 29. Bc3 e6 30. Qd2 Rc8 31. Rc1 Bf8 32. a3 Bxa3 33. bxa3 Rxc3 34. Rxc3 Qxc3+ 35. Qxc3 Rxc3 36. Kb2 Rd3 37. a4 Kf8 38. Rc1 Ke7 39. Rc4 Kd8 40. Kc2 Rd7 41. Rb4 Kc8 42. h4 h5 43. Kc3 b6 44. Kc4 Kb7 45. a5 Rd5 46. axb6 axb6 47. Rb3 Kc6 48. Ra3 Ra5 49. Rb3 b5+ 50. Kb4 Ra4+ 51. Kc3 Kc5 52. Kd3 b4 53. Rb1 Ra3+ 54. Ke2 Rxg3 55. Rc1+ Rc3 56. Rd1 b3 57. Rd8 b2 58. Rc8+ Kd4 59. Rb8 Rc2+ 60. Kf3 Kd3 61. Rd8+ Kc3 62. Rc8+ Kd2 0-1

[Event "Foment Martinenc op-C 24th"]
[Site "Barcelona"]
[Date "2024.05.11"]
[Round "4"]
[White "Bernat Mor, Juli"]
[Black "Gomez Sanchez, Javier"]
[Result "1-0"]
[WhiteElo "1552"]
[BlackElo "1642"]
[PlyCount "65"]
[EventDate "2024.04.20"]
[EventType "swiss"]
[EventRounds "9"]
[EventCountry "ESP"]
[SourceTitle "CBM 220 Extra"]
[Source "ChessBase"]
[SourceDate "2024.07.31"]
[SourceVersion "1"]
[SourceVersionDate "2024.07.31"]
[SourceQuality "1"]

1. d4 d5 2. c4 c6 3. Nc3 Bf5 4. e3 Nf6 5. Bd3 Bg4 6. Be2 Bxe2 7. Ngxe2 dxc4 8. Qc2 Nbd7 9. Bd2 e6 10. h3 Bd6 11. e4 e5 12. dxe5 Nxe5 13. 0-0 0-0 14. Rad1 Nd3 15. a3 Re8 16. f3 Bc5+ 17. Kh1 Nf2+ 18. Rxf2 Bxf2 19. Be3 Qc7 20. Bxf2 Rad8 21. Re1 Nh5 22. a4 Qe5 23. Bxa7 Qg5 24. Bf2 Re6 25. h4 Qh6 26. Nd4 Rg6 27. Nf5 Qf4 28. Ne7+ Kh8 29. Nxg6+ hxg6 30. Ne2 Qf6 31. Kg1 Nf4 32. Nxf4 Qxf4 33. Qxc4 1-0

[Event "Barcelona Sant Marti op-B 23rd"]
[Site "Barcelona"]
[Date "2023.07.16"]
[Round "4"]
[White "Escobar Figueroa, Maricela"]
[Black "Bernat Mor, Juli"]
[Result "0-1"]
[WhiteElo "1042"]
[BlackElo "1307"]
[PlyCount "118"]
[EventDate "2023.07.13"]
[EventType "swiss"]
[EventRounds "9"]
[EventCountry "ESP"]
[SourceTitle "CBM 215 Extra"]
[Source "ChessBase"]
[SourceDate "2023.09.30"]
[SourceVersion "1"]
[SourceVersionDate "2023.09.30"]
[SourceQuality "1"]

1. d4 d5 2. Nf3 c6 3. Bf4 Nd7 4. e3 Ngf6 5. h3 g6 6. Bd3 Bg7 7. Nbd2 0-0 8. 0-0 e6 9. c4 Nb6 10. b3 a5 11. Ne5 Nfd7 12. Re1 Nxe5 13. dxe5 Nd7 14. Nf3 Qc7 15. e4 Bxe5 16. Bh6 Re8 17. Rc1 Bf4 18. Bxf4 Qxf4 19. e5 h5 20. h4 Qh6 21. Ng5 Re7 22. Qd2 Nxe5 23. Rxe5 f6 24. Qf4 fxe5 25. Qf6 Qg7 26. Qxg7+ Kxg7 27. f3 d4 28. Re1 c5 29. Rxe5 b6 30. f4 Kf6 31. Kf1 Bd7 32. Ne4+ Kg7 33. g3 Rf8 34. Kf2 Rf5 35. Ng5 Rxe5 36. fxe5 Re8 37. Nh3 Rf8+ 38. Kg2 Bc6+ 39. Kh2 Rf3 40. Ng5 Rxd3 41. Nxe6+ Kg8 42. Nf4 Rd2+ 43. Kh3 Kf7 44. e6+ Ke7 45. Nxg6+ Kxe6 46. Nf4+ Kf5 47. Nxh5 Bg2+ 48. Kh2 Bf3+ 49. Kh3 Bxh5 50. g4+ Bxg4+ 51. Kg3 Re2 52. h5 Bxh5 53. Kh3 Bg4+ 54. Kg3 Re3+ 55. Kf2 Rf3+ 56. Ke1 d3 57. Kd2 Ke4 58. Kc3 Ke3 59. a3 d2 0-1

[Event "Foment Martinenc op-C 23rd"]
[Site "Barcelona"]
[Date "2023.06.03"]
[Round "7"]
[White "Olle Castillo, Salomon"]
[Black "Bernat Mor, Juli"]
[Result "1-0"]
[WhiteElo "1511"]
[BlackElo "1308"]
[PlyCount "63"]
[EventDate "2023.04.22"]
[EventType "swiss"]
[EventRounds "9"]
[EventCountry "ESP"]
[SourceTitle "EXT 2024"]
[Source "ChessBase"]
[SourceDate "2023.10.10"]
[SourceVersion "1"]
[SourceVersionDate "2023.10.10"]
[SourceQuality "1"]

1. e4 c6 2. Nc3 d5 3. d4 dxe4 4. Nxe4 Bf5 5. Ng3 Bg6 6. Nf3 Nd7 7. Bd3 Bxd3 8. Qxd3 Ngf6 9. 0-0 e6 10. Bf4 Nd5 11. Bd2 Bd6 12. Ne4 Be7 13. c3 h6 14. Rfe1 Qb6 15. Qc2 c5 16. b3 Rc8 17. c4 Nb4 18. Bxb4 Qxb4 19. d5 exd5 20. Nd6+ Kf8 21. Nxc8 Bf6 22. Rab1 Bc3 23. Qe2 Bxe1 24. Rxe1 Nf6 25. Nd6 Kg8 26. cxd5 Nxd5 27. Qe8+ Kh7 28. Qe4+ g6 29. Qxd5 Rf8 30. Ne4 c4 31. Qxc4 Qe7 32. Neg5+ 1-0

[Event "Foment Martinenc op-C 23rd"]
[Site "Barcelona"]
[Date "2023.04.29"]
[Round "2"]
[White "Garcia Huerta, Joaquin Marc"]
[Black "Bernat Mor, Juli"]
[Result "0-1"]
[WhiteElo "1402"]
[BlackElo "1308"]
[PlyCount "194"]
[EventDate "2023.04.22"]
[EventType "swiss"]
[EventRounds "9"]
[EventCountry "ESP"]
[SourceTitle "EXT 2024"]
[Source "ChessBase"]
[SourceDate "2023.10.10"]
[SourceVersion "1"]
[SourceVersionDate "2023.10.10"]
[SourceQuality "1"]

1. e4 c6 2. d4 d5 3. Bd3 dxe4 4. Bxe4 Nf6 5. Bd3 Qxd4 6. Nf3 Qd6 7. 0-0 Bg4 8. Bd2 Nbd7 9. g3 Qd5 10. Be2 Ne5 11. Nxe5 Bh3 12. Bf3 Qxe5 13. Bc3 Qd6 14. Qxd6 exd6 15. Re1+ Be7 16. Bb4 c5 17. Bxb7 Rb8 18. Bc6+ Kf8 19. Ba5 Bd7 20. Bxd7 Nxd7 21. Nc3 Bd8 22. Bxd8 Rxd8 23. Nb5 a6 24. Nxd6 g6 25. Re3 Kg7 26. Re7 Nb6 27. Rxf7+ Kh6 28. Ne4 c4 29. g4 Rd4 30. g5+ Kh5 31. Nf6+ Kxg5 32. Nxh7+ Kh6 33. Nf6 Kg5 34. Rb7 Rdh4 35. Rxb6 Rxh2 36. Ne4+ Kf5 37. Ng3+ Kf4 38. Rxg6 Kf3 39. Rf6+ Kg4 40. Rxa6 Rf8 41. Rf1 Rh3 42. Ra4 Rc8 43. Ne4 Rch8 44. Nf6+ Kf5 45. Kg2 Rh2+ 46. Kf3 Kxf6 47. Rxc4 R2h3+ 48. Ke2 Re8+ 49. Kd1 Ra8 50. Rc6+ Ke5 51. Re1+ Kd5 52. Rc7 Rxa2 53. c4+ Kd6 54. Rb7 Kc6 55. Rb8 Kc5 56. Re7 Ra1+ 57. Kc2 Kxc4 58. Rc8+ Kd5 59. Rd7+ Ke6 60. Rd4 Rh2 61. Rc6+ Ke5 62. Kd3 Rd1+ 63. Ke3 Rxd4 64. Rc5+ Rd5 65. f4+ Kd6 66. Rc8 Rxb2 67. Rd8+ Kc5 68. Rxd5+ Kxd5 69. Kf3 Ke6 70. Kg4 Kf6 71. Kf3 Kf5 72. Ke3 Rb4 73. Kd3 Rxf4 74. Kc3 Ke5 75. Kd3 Rh4 76. Kc3 Kd5 77. Kb3 Kc5 78. Ka3 Kb5 79. Kb3 Rh3+ 80. Kc2 Kc4 81. Kd2 Rg3 82. Ke2 Kd4 83. Kf2 Ra3 84. Ke2 Rb3 85. Kf2 Ke4 86. Kg2 Kf4 87. Kh2 Kg4 88. Kg2 Rb2+ 89. Kf1 Kg3 90. Ke1 Kf3 91. Kd1 Ke3 92. Kc1 Rh2 93. Kd1 Rg2 94. Kc1 Kd3 95. Kb1 Kc3 96. Ka1 Kb3 97. Kb1 Rg1# 0-1

[Event "Barcelona Sant Marti op-B 22nd"]
[Site "Barcelona"]
[Date "2022.07.20"]
[Round "8"]
[White "Bernat Mor, Juli"]
[Black "Martinez Perez, Francisco"]
[Result "1/2-1/2"]
[WhiteElo "1301"]
[BlackElo "1249"]
[PlyCount "49"]
[EventDate "2022.07.13"]
[EventType "swiss"]
[EventRounds "9"]
[EventCountry "ESP"]
[SourceTitle "CBM 210 Extra"]
[Source "ChessBase"]
[SourceDate "2022.11.30"]
[SourceVersion "1"]
[SourceVersionDate "2022.11.30"]
[SourceQuality "1"]

1. d4 g6 2. Nf3 Nf6 3. c4 Bg7 4. Nc3 d6 5. e4 0-0 6. Be2 Nbd7 7. 0-0 c5 8. d5 a6 9. Rb1 e5 10. b4 b6 11. b5 a5 12. a4 Ne8 13. Ng5 h6 14. Nh3 f5 15. exf5 gxf5 16. Bb2 Ndf6 17. f4 e4 18. Qe1 Nh7 19. Nd1 Bxb2 20. Rxb2 Nef6 21. Ne3 Kh8 22. Kh1 Rg8 23. Rg1 Ng4 24. Bd1 Nhf6 25. Ra2 1/2-1/2

[Event "Foment Martinenc op-C 22nd"]
[Site "Barcelona"]
[Date "2022.06.11"]
[Round "8"]
[White "Bernat Mor, Juli"]
[Black "Negreira Rodriguez, Daniel"]
[Result "0-1"]
[WhiteElo "1622"]
[BlackElo "1728"]
[PlyCount "52"]
[EventDate "2022.04.23"]
[EventType "swiss"]
[EventRounds "9"]
[EventCountry "ESP"]
[SourceTitle "EXT 2023"]
[Source "ChessBase"]
[SourceDate "2022.10.05"]
[SourceVersion "1"]
[SourceVersionDate "2022.10.05"]
[SourceQuality "1"]

1. d4 d5 2. Nf3 Nc6 3. Bg5 Nf6 4. Bxf6 gxf6 5. e3 Bg7 6. c4 e5 7. dxe5 fxe5 8. Nc3 d4 9. Ne4 Qe7 10. a3 b6 11. Bd3 Bb7 12. 0-0 0-0-0 13. exd4 Nxd4 14. Nxd4 Rxd4 15. Qg4+ f5 16. Qxf5+ Kb8 17. Be2 Rxe4 18. Bf3 Rf4 19. Qd3 e4 20. Rfe1 exd3 21. Rxe7 Bxb2 22. Rae1 Bxf3 23. Re8+ Rxe8 24. Rxe8+ Kb7 25. gxf3 d2 26. Rd8 Rd4 0-1

[Event "Foment Martinenc op-C 22nd"]
[Site "Barcelona"]
[Date "2022.05.07"]
[Round "3"]
[White "Julbe Colom, Lluis"]
[Black "Bernat Mor, Juli"]
[Result "1-0"]
[WhiteElo "1745"]
[BlackElo "1622"]
[PlyCount "77"]
[EventDate "2022.04.23"]
[EventType "swiss"]
[EventRounds "9"]
[EventCountry "ESP"]
[SourceTitle "EXT 2023"]
[Source "ChessBase"]
[SourceDate "2022.10.05"]
[SourceVersion "1"]
[SourceVersionDate "2022.10.05"]
[SourceQuality "1"]

1. c4 c6 2. Nc3 Nf6 3. g3 d5 4. cxd5 Nxd5 5. Bg2 Nxc3 6. bxc3 Bf5 7. e4 Bg6 8. Ba3 Nd7 9. d4 e6 10. Qb3 Qb6 11. Ne2 Qxb3 12. axb3 Bxa3 13. Rxa3 h6 14. 0-0 0-0 15. f4 f5 16. exf5 exf5 17. d5 Nb8 18. Nd4 Rf6 19. Rd1 a6 20. Bf3 Rd6 21. c4 Be8 22. c5 Rf6 23. b4 cxd5 24. Bxd5+ Kh7 25. Bxb7 Ra7 26. Bf3 Nc6 27. Bxc6 Bxc6 28. b5 Bb7 29. c6 Bc8 30. b6 Re7 31. Rb3 Rff7 32. Rdb1 Be6 33. Nxe6 Rxe6 34. b7 Rxc6 35. b8Q Rd7 36. Qe5 Rf6 37. Rb7 Rdd6 38. Re7 a5 39. Rbb7 1-0

[Event "Llinars del Valles op 1st"]
[Site "Llinars del Valles"]
[Date "2021.06.28"]
[Round "4"]
[White "Bernat Mor, Juli"]
[Black "Fuentes del Pino, Raul"]
[Result "1/2-1/2"]
[WhiteElo "1339"]
[BlackElo "1570"]
[PlyCount "119"]
[EventDate "2021.06.25"]
[EventType "swiss"]
[EventRounds "9"]
[EventCountry "ESP"]
[SourceTitle "CBM 203 Extra"]
[Source "ChessBase"]
[SourceDate "2021.09.30"]
[SourceVersion "1"]
[SourceVersionDate "2021.09.30"]
[SourceQuality "1"]

1. d4 d5 2. c4 g6 3. Nc3 Nf6 4. Bg5 Be6 5. Bxf6 exf6 6. a3 Bg7 7. cxd5 Bxd5 8. e4 Bc6 9. d5 Bd7 10. Nf3 0-0 11. Be2 Re8 12. 0-0 f5 13. e5 Bxe5 14. Nxe5 Rxe5 15. f4 Re3 16. Rf3 Qe7 17. d6 Qe8 18. Nd5 Re6 19. Nxc7 Qc8 20. Nxe6 fxe6 21. Rc3 Qd8 22. Rac1 Nc6 23. b4 a6 24. Bf3 Rc8 25. Bxc6 Bxc6 26. d7 Qb6+ 27. Kf1 Rd8 28. Rc5 Rxd7 29. Qe2 Bb5 30. Rxb5 axb5 31. Rc8+ Kf7 32. Qe5 Qd4 33. Qxd4 Rxd4 34. Rc7+ Kf6 35. Rxb7 Rxf4+ 36. Ke2 Re4+ 37. Kf3 Re5 38. Rxh7 Rd5 39. Ke3 e5 40. g3 e4 41. Ke2 g5 42. Rb7 f4 43. gxf4 gxf4 44. h4 Kg6 45. Re7 f3+ 46. Ke3 Rd3+ 47. Kf2 Kf5 48. h5 Rxa3 49. h6 Ra2+ 50. Kg3 Rg2+ 51. Kh3 Rg6 52. h7 Rh6+ 53. Kg3 Kf6 54. Rxe4 Rxh7 55. Kxf3 Rh3+ 56. Kg4 Rc3 57. Rf4+ Ke6 58. Kg5 Rc4 59. Rf6+ Ke7 60. Rf4 1/2-1/2

[Event "Foment Martinenc op-C 21st"]
[Site "Barcelona"]
[Date "2019.05.18"]
[Round "4"]
[White "Palmer Pifarre, Joaquin"]
[Black "Bernat Mor, Juli"]
[Result "1-0"]
[WhiteElo "1539"]
[BlackElo "1659"]
[PlyCount "167"]
[EventDate "2019.04.27"]
[EventType "swiss"]
[EventRounds "9"]
[EventCountry "ESP"]
[SourceTitle "EXT 2020"]
[Source "ChessBase"]
[SourceDate "2019.10.17"]
[SourceVersion "1"]
[SourceVersionDate "2019.10.17"]
[SourceQuality "1"]

1. e4 c6 2. d4 d5 3. Nc3 dxe4 4. Nxe4 Nf6 5. Nxf6+ exf6 6. Nf3 Be7 7. Bc4 0-0 8. 0-0 b5 9. Bb3 a5 10. c3 Be6 11. Bc2 a4 12. Qd3 g6 13. Re1 Bf5 14. Qe2 Bxc2 15. Qxe7 Qxe7 16. Rxe7 Kg7 17. Re3 Na6 18. Bd2 Nc7 19. Ne1 Bf5 20. h3 Nd5 21. Re2 h5 22. Rc1 Rfe8 23. Rxe8 Rxe8 24. Nf3 g5 25. Re1 Rxe1+ 26. Nxe1 Kf8 27. f3 Ke7 28. Kf2 h4 29. Ke2 Bb1 30. a3 Ba2 31. Kd3 Nb6 32. Nc2 Kd6 33. Ne3 Be6 34. Bc1 f5 35. Nc2 f4 36. Nb4 f5 37. Ke2 Bc4+ 38. Kf2 c5 39. dxc5+ Kxc5 40. Bd2 Kd6 41. Nc2 Nd7 42. Nb4 Nc5 43. Be1 Nd3+ 44. Nxd3 Bxd3 45. Bd2 Kc5 46. Bc1 Kc4 47. Ke1 Kb3 48. Kd2 Bf1 49. g4 hxg3 50. Ke1 g2 51. Kf2 Kc2 52. Bxf4 Kb3 53. Bxg5 g1Q+ 54. Kxg1 Bxh3 55. Bf6 Kc4 56. Kf2 Kd3 57. Kg3 Bf1 58. f4 Be2 59. Be7 Kc2 60. Bb4 Kxb2 61. Kf2 Bg4 62. Ke3 Kb3 63. Kd4 Bh3 64. Kc5 Bf1 65. Kd4 Kc2 66. Ke5 Bd3 67. Kd4 Kd2 68. Ke5 Be4 69. Kd4 Bd3 70. c4+ Ke2 71. c5 Be4 72. Ke5 Ke3 73. Kd6 Kxf4 74. c6 Kg4 75. c7 Bb7 76. Kc5 f4 77. Kxb5 f3 78. Bc5 Kg3 79. Kxa4 f2 80. Bxf2+ Kxf2 81. Kb5 Ke3 82. Kb6 Bc8 83. a4 Kd4 84. a5 1-0

[Event "Foment Martinenc op-C 20th"]
[Site "Barcelona"]
[Date "2018.05.19"]
[Round "5"]
[White "Bernat Mor, Juli"]
[Black "Dominguez Laguna, Didac"]
[Result "1-0"]
[WhiteElo "1719"]
[BlackElo "1569"]
[PlyCount "84"]
[EventDate "2018.04.21"]
[EventType "swiss"]
[EventRounds "9"]
[EventCountry "ESP"]
[SourceTitle "CBM 184 Extra"]
[Source "ChessBase"]
[SourceDate "2018.06.28"]
[SourceVersion "1"]
[SourceVersionDate "2018.06.28"]
[SourceQuality "1"]

1. d4 Nf6 2. c4 g6 3. Nc3 Bg7 4. e4 d6 5. Nf3 0-0 6. Be2 Re8 7. 0-0 Nbd7 8. Be3 Ng4 9. Bg5 f6 10. Bd2 e5 11. d5 c6 12. h3 Nh6 13. Qc1 Nf7 14. h4 cxd5 15. Nxd5 Nb6 16. Ba5 f5 17. Bxb6 axb6 18. exf5 Bxf5 19. g3 Rc8 20. Ng5 b5 21. Nxf7 Kxf7 22. Qg5 Qxg5 23. hxg5 bxc4 24. Nb6 Rc5 25. Nxc4 Rd8 26. b4 Rd5 27. Rfd1 Rxd1+ 28. Rxd1 Be6 29. Nxd6+ Ke7 30. Nxb7 Rb8 31. Bf3 Bxa2 32. b5 Be6 33. Rb1 Bc8 34. Na5 Bd7 35. b6 Ke6 36. b7 Kf5 37. Nc6 Bxc6 38. Bxc6 Kxg5 39. Ra1 Bf8 40. Ra8 Bd6 41. Kf1 Kf6 42. Ke2 Ke7 1-0